000 00450nam a2200181Ia 4500
005 20250423100623.0
008 250422s9999 xx 000 0 und d
020 _a0- 89982- 353- X
050 _aHG 2491.C647/
100 _aEric N. Compton
245 0 _aPrinciples of banking
250 _a3rd ed.
260 _bAmerican bankers association
260 _c1988
300 _a403 p
650 _aBanks and banking- United States
942 _cBK
999 _c33853
_d33853